[Event "MVP-ch Seniors op 17th"]
[Site "Binz"]
[Date "2017.12.05"]
[Round "7.86"]
[White "Neffe, Guenther"]
[Black "Wenzel, Klaus"]
[Result "1/2-1/2"]
[WhiteElo "1556"]
[BlackElo "1469"]
[PlyCount "59"]
[EventDate "2017.11.29"]
[EventType "swiss"]
[EventRounds "9"]
[EventCountry "GER"]
[SourceTitle "EXT 2019"]
[Source "ChessBase"]
[SourceDate "2018.10.10"]
[SourceVersion "1"]
[SourceVersionDate "2018.10.10"]
[SourceQuality "1"]

1. Nf3 g6 2. c4 Bg7 3. d4 e6 4. g3 Ne7 5. Bg2 0-0 6. b3 c6 7. Bb2 d5 8. cxd5 cxd5 9. 0-0 Bd7 10. Nc3 Nbc6 11. a3 Qb6 12. e3 Na5 13. b4 Nc4 14. Bc1 a5 15. Na4 Bxa4 16. Qxa4 axb4 17. Qb3 bxa3 18. Qxb6 Nxb6 19. Bxa3 Rfe8 20. Rfb1 Nc4 21. Rb3 b6 22. Bf1 Nxa3 23. Raxa3 Rxa3 24. Rxa3 Rb8 25. Bb5 Nc8 26. Nd2 Bf8 27. Rb3 Be7 28. Kg2 Bd8 29. e4 dxe4 30. Nxe4 1/2-1/2

[Event "MVP-ch Seniors op 17th"]
[Site "Binz"]
[Date "2017.12.04"]
[Round "6.82"]
[White "Helm, Helga"]
[Black "Wenzel, Klaus"]
[Result "1-0"]
[WhiteElo "1611"]
[BlackElo "1469"]
[PlyCount "40"]
[EventDate "2017.11.29"]
[EventType "swiss"]
[EventRounds "9"]
[EventCountry "GER"]
[SourceTitle "EXT 2019"]
[Source "ChessBase"]
[SourceDate "2018.10.10"]
[SourceVersion "1"]
[SourceVersionDate "2018.10.10"]
[SourceQuality "1"]

1. e4 g6 2. Nf3 Bg7 3. d4 d6 4. Be2 e6 5. Bd2 Ne7 6. Bc3 0-0 7. 0-0 b6 8. d5 e5 9. Bd2 f5 10. Bd3 f4 11. Nc3 Nd7 12. Ng5 Nc5 13. Nf3 Bg4 14. Be2 Bd7 15. b4 Nb7 16. Rc1 Bg4 17. Ng5 Bxe2 18. Qxe2 Rf6 19. Qc4 Qd7 20. Nb5 c6 1-0

[Event "MVP-ch Seniors op 15th"]
[Site "Binz"]
[Date "2015.11.29"]
[Round "6.87"]
[White "Wenzel, Klaus"]
[Black "Geibel, Henning"]
[Result "0-1"]
[WhiteElo "1048"]
[BlackElo "1192"]
[PlyCount "106"]
[EventDate "2015.11.24"]
[EventType "swiss"]
[EventRounds "9"]
[EventCountry "GER"]
[SourceTitle "EXT 2017"]
[Source "ChessBase"]
[SourceDate "2016.10.25"]
[SourceVersion "1"]
[SourceVersionDate "2016.10.25"]
[SourceQuality "1"]

1. b4 e6 2. Bb2 Nf6 3. b5 d5 4. e3 Be7 5. Nf3 0-0 6. Be2 c5 7. 0-0 Qb6 8. a4 c4 9. Bd4 Qd8 10. d3 cxd3 11. Bxd3 b6 12. c4 Bc5 13. Qc2 h6 14. Bb2 Bb7 15. Nbd2 dxc4 16. Bxc4 Ng4 17. Rad1 Qc7 18. Be2 Nxe3 19. Qc3 Nf5 20. Nh4 Bxf2+ 21. Rxf2 Qxc3 22. Bxc3 Nxh4 23. Nf3 Nxf3+ 24. gxf3 a6 25. Rd6 axb5 26. Rxb6 Bc6 27. Bxb5 Bxb5 28. Rxb5 Rxa4 29. Rfb2 Ra8 30. Be5 Nd7 31. Bd6 Rfc8 32. Rb7 Nf6 33. Kg2 Nd5 34. Kg3 Ne3 35. Bf4 Nf5+ 36. Kf2 Nd4 37. Rd2 Rc2 38. Ke3 Rxd2 39. Kxd2 Nxf3+ 40. Ke3 Nh4 41. Kf2 g5 42. Be5 Ra2+ 43. Kf1 Ra5 44. Rb8+ Kh7 45. Rh8+ Kg6 46. Rg8+ Kf5 47. Bc3 Ra3 48. Bb2 Rf3+ 49. Ke1 Rh3 50. Rf8 Kg6 51. Rg8+ Kh5 52. Rf8 f5 53. Kf1 Rxh2 0-1

[Event "MVP-ch Seniors op 15th"]
[Site "Binz"]
[Date "2015.11.27"]
[Round "4.83"]
[White "Wenzel, Klaus"]
[Black "Scholz, Jutta"]
[Result "0-1"]
[WhiteElo "1048"]
[BlackElo "1390"]
[PlyCount "62"]
[EventDate "2015.11.24"]
[EventType "swiss"]
[EventRounds "9"]
[EventCountry "GER"]
[SourceTitle "EXT 2017"]
[Source "ChessBase"]
[SourceDate "2016.10.25"]
[SourceVersion "1"]
[SourceVersionDate "2016.10.25"]
[SourceQuality "1"]

1. b4 d5 2. Bb2 e6 3. e3 Nf6 4. a3 Nbd7 5. Nf3 Bd6 6. Bb5 c6 7. Ba4 0-0 8. 0-0 e5 9. d3 Qc7 10. h3 b5 11. Bb3 Re8 12. e4 h6 13. Nbd2 a5 14. c3 g5 15. c4 axb4 16. axb4 Rxa1 17. Qxa1 dxc4 18. dxc4 Bxb4 19. cxb5 cxb5 20. Qa2 Re7 21. Rc1 Qb8 22. Rc6 Bb7 23. Bxf7+ Rxf7 24. Nxe5 Nxe5 25. Bxe5 Qxe5 26. Nf3 Qf4 27. Rc2 Bxe4 28. Re2 Qc1+ 29. Kh2 Bd6+ 30. g3 Bxf3 31. Re8+ Kg7 0-1

[Event "MVP-ch Seniors op 15th"]
[Site "Binz"]
[Date "2015.11.26"]
[Round "3.86"]
[White "Maczollek, Helmut"]
[Black "Wenzel, Klaus"]
[Result "1/2-1/2"]
[WhiteElo "1384"]
[BlackElo "1048"]
[PlyCount "95"]
[EventDate "2015.11.24"]
[EventType "swiss"]
[EventRounds "9"]
[EventCountry "GER"]
[SourceTitle "EXT 2017"]
[Source "ChessBase"]
[SourceDate "2016.10.25"]
[SourceVersion "1"]
[SourceVersionDate "2016.10.25"]
[SourceQuality "1"]

1. d4 g6 2. Nf3 Bg7 3. e4 d6 4. Be3 Nf6 5. Bd3 0-0 6. Qd2 Nc6 7. Bh6 Ng4 8. Bxg7 Kxg7 9. h3 Nf6 10. c3 e5 11. d5 Ne7 12. 0-0 c6 13. c4 Bd7 14. Qb4 Qc7 15. Nbd2 c5 16. Qc3 Qc8 17. Be2 Bxh3 18. gxh3 Qxh3 19. Nh2 Qxc3 20. bxc3 h5 21. Kh1 Rh8 22. Rg1 Rh6 23. Rg3 Rah8 24. Rf1 Ng4 25. Rh3 Nxh2 26. Rxh2 g5 27. Rg1 f6 28. Nf3 Ng6 29. Rgg2 Nf4 30. Nh4 Nxg2 31. Nf5+ Kg6 32. Nxh6 Rxh6 33. Rxg2 Kf7 34. Rh2 h4 35. Bg4 Rh8 36. f3 Rb8 37. Rb2 b6 38. a4 a5 39. Kg2 Kg6 40. Kh3 Kh6 41. Bf5 Kh5 42. Bd7 Rb7 43. Be8+ Kh6 44. Kg4 Rb8 45. Bd7 Rb7 46. Be6 Kg6 47. Bc8 Rb8 48. Be6 1/2-1/2

[Event "MVP-ch Seniors op 14th"]
[Site "Binz"]
[Date "2014.12.03"]
[Round "9"]
[White "Mundt, Friedhelm"]
[Black "Wenzel, Klaus"]
[Result "1-0"]
[WhiteElo "1188"]
[BlackElo "1091"]
[PlyCount "89"]
[EventDate "2014.11.25"]
[EventType "swiss"]
[EventRounds "9"]
[EventCountry "GER"]
[SourceTitle "EXT 2016"]
[Source "ChessBase"]
[SourceDate "2015.10.08"]
[SourceVersion "1"]
[SourceVersionDate "2015.10.08"]
[SourceQuality "1"]

1. e4 g6 2. Nf3 Bg7 3. d4 c6 4. Bc4 d5 5. exd5 cxd5 6. Bb3 Nf6 7. Nc3 0-0 8. 0-0 Bg4 9. h3 Bf5 10. Bf4 Qd7 11. Ne5 Qc8 12. Qf3 e6 13. g4 Be4 14. Nxe4 dxe4 15. Qe3 Nc6 16. c3 Na5 17. Bc2 Nc4 18. Nxc4 Qxc4 19. Bxe4 Nd5 20. Bxd5 Qxd5 21. Rfe1 Rfd8 22. Qe4 b5 23. Qxd5 Rxd5 24. Re2 Rad8 25. Rae1 a6 26. Be5 Bf8 27. b3 Bg7 28. Bxg7 Kxg7 29. Re5 R8d6 30. Rxd5 Rxd5 31. Re5 Kf8 32. f4 Ke7 33. Kf2 Kd6 34. Ke3 a5 35. c4 bxc4 36. bxc4 Rxe5+ 37. fxe5+ Kc6 38. Kf4 Kc7 39. Kg5 Kd7 40. Kh6 Ke7 41. Kxh7 Kf8 42. a4 Ke7 43. Kg7 g5 44. Kh6 f6 45. Kg6 1-0

[Event "MVP-ch Seniors op 12th"]
[Site "Binz"]
[Date "2012.12.06"]
[Round "9"]
[White "Krawelitzki, Gerhard"]
[Black "Wenzel, Klaus"]
[Result "1-0"]
[WhiteElo "1473"]
[BlackElo "1212"]
[PlyCount "87"]
[EventDate "2012.11.28"]
[EventType "swiss"]
[EventRounds "9"]
[EventCountry "GER"]
[SourceTitle "EXT 2014"]
[Source "ChessBase"]
[SourceDate "2013.11.20"]
[SourceVersion "1"]
[SourceVersionDate "2013.11.20"]
[SourceQuality "1"]

1. d4 Nf6 2. c4 g6 3. Nc3 Bg7 4. e4 e6 5. Bg5 0-0 6. e5 Re8 7. Qf3 d5 8. exf6 h6 9. fxg7 Qxg5 10. h4 Qf5 11. Bd3 Qxf3 12. Nxf3 Kxg7 13. cxd5 exd5+ 14. Kd2 Be6 15. Rhe1 Nd7 16. b4 Nf6 17. Nh2 Nh5 18. g3 Nf6 19. Re3 b5 20. Rae1 a5 21. Rb1 Ne4+ 22. Bxe4 dxe4 23. Rxe4 Bf5 24. Rxe8 Rxe8 25. Re1 Rxe1 26. Kxe1 axb4 27. Nd1 Bb1 28. Nb2 Bxa2 29. Nf3 Kf6 30. Kd2 Ke6 31. Ke3 f5 32. Kd3 Kd5 33. Ne5 g5 34. hxg5 hxg5 35. Nf3 Bb1+ 36. Ke3 f4+ 37. gxf4 gxf4+ 38. Kxf4 Be4 39. Ng5 Bg6 40. Ke3 c5 41. dxc5 Kxc5 42. Ne6+ Kd6 43. Nf4 Bc2 44. Nfd3 1-0

[Event "MVP-ch Seniors op 12th"]
[Site "Binz"]
[Date "2012.12.05"]
[Round "8"]
[White "Wenzel, Klaus"]
[Black "Apel, Walter"]
[Result "1-0"]
[WhiteElo "1212"]
[BlackElo "1220"]
[PlyCount "53"]
[EventDate "2012.11.28"]
[EventType "swiss"]
[EventRounds "9"]
[EventCountry "GER"]
[SourceTitle "EXT 2014"]
[Source "ChessBase"]
[SourceDate "2013.11.20"]
[SourceVersion "1"]
[SourceVersionDate "2013.11.20"]
[SourceQuality "1"]

1. b4 b5 2. Bb2 Bb7 3. e3 e6 4. Nf3 Bxb4 5. Bxg7 Be7 6. Bxh8 Bf6 7. Bxf6 Qxf6 8. Nc3 b4 9. Nb5 Qd8 10. a3 a6 11. Nbd4 c5 12. Nb3 Qc7 13. axb4 cxb4 14. Be2 d6 15. 0-0 f6 16. Na5 Ne7 17. Nxb7 Qxb7 18. Nd4 Qd7 19. Bb5 Nec6 20. Qh5+ Kf8 21. Qh6+ Kg8 22. Bxc6 Nxc6 23. Nxc6 Qf7 24. Qh3 f5 25. Qg3+ Kh8 26. Qxd6 Rg8 27. g3 1-0

[Event "MVP-ch Seniors op 12th"]
[Site "Binz"]
[Date "2012.11.30"]
[Round "3"]
[White "Barlo, Werner"]
[Black "Wenzel, Klaus"]
[Result "1-0"]
[WhiteElo "1579"]
[BlackElo "1212"]
[PlyCount "73"]
[EventDate "2012.11.28"]
[EventType "swiss"]
[EventRounds "9"]
[EventCountry "GER"]
[SourceTitle "EXT 2014"]
[Source "ChessBase"]
[SourceDate "2013.11.20"]
[SourceVersion "1"]
[SourceVersionDate "2013.11.20"]
[SourceQuality "1"]

1. d4 Nf6 2. Nf3 g6 3. c4 d5 4. Nc3 Bg7 5. e3 0-0 6. h3 c6 7. cxd5 cxd5 8. Bd3 Nc6 9. a3 a6 10. 0-0 Bd7 11. Bd2 Qc8 12. Rc1 Bxh3 13. gxh3 Qxh3 14. Nh2 h5 15. Qf3 Qxf3 16. Nxf3 Bh6 17. Ne2 Kg7 18. Nh2 Ng4 19. f4 f5 20. Nxg4 fxg4 21. Kg2 e6 22. e4 Rf7 23. Rc5 Rc8 24. Rfc1 h4 25. exd5 h3+ 26. Kg3 g5 27. fxg5 Rf3+ 28. Kxg4 Rxd3 29. gxh6+ Kh7 30. Bg5 Rf8 31. dxc6 bxc6 32. Rxc6 h2 33. Rc7+ Kh8 34. Nf4 Rxd4 35. Kg3 e5 36. Ng6+ Kg8 37. Rg7# 1-0

[Event "MVP-ch Seniors op 11th"]
[Site "Binz"]
[Date "2011.12.07"]
[Round "8.82"]
[White "Girod, Gudrun"]
[Black "Wenzel, Klaus"]
[Result "0-1"]
[WhiteElo "1296"]
[BlackElo "1150"]
[PlyCount "38"]
[EventDate "2011.11.30"]
[EventType "swiss"]
[EventRounds "9"]
[EventCountry "GER"]
[SourceTitle "EXT 2013"]
[Source "ChessBase"]
[SourceDate "2012.11.22"]
[SourceVersion "1"]
[SourceVersionDate "2012.11.22"]
[SourceQuality "1"]

1. d4 Nf6 2. Bf4 g6 3. Nf3 Bg7 4. h3 0-0 5. e3 d6 6. Bd3 Nbd7 7. Nbd2 c5 8. c3 Nd5 9. Bh2 cxd4 10. e4 dxc3 11. exd5 cxd2+ 12. Qxd2 Nc5 13. 0-0 Nxd3 14. Qxd3 Bxb2 15. Rab1 Bf5 16. Qb3 Bxb1 17. Rxb1 Bf6 18. Bf4 b6 19. a4 Rc8 0-1

[Event "MVP-ch Seniors op 11th"]
[Site "Binz"]
[Date "2011.12.06"]
[Round "7.82"]
[White "Wenzel, Klaus"]
[Black "Apel, Walter"]
[Result "0-1"]
[WhiteElo "1150"]
[BlackElo "1234"]
[PlyCount "68"]
[EventDate "2011.11.30"]
[EventType "swiss"]
[EventRounds "9"]
[EventCountry "GER"]
[SourceTitle "EXT 2013"]
[Source "ChessBase"]
[SourceDate "2012.11.22"]
[SourceVersion "1"]
[SourceVersionDate "2012.11.22"]
[SourceQuality "1"]

1. b4 e5 2. Bb2 d6 3. e3 a6 4. Nf3 c6 5. Be2 Nf6 6. 0-0 Be6 7. d4 e4 8. Nfd2 d5 9. a3 b5 10. Nb3 Nbd7 11. Nc5 Bf5 12. Nb7 Qc7 13. Nc5 Be7 14. f3 0-0 15. f4 h6 16. g4 Bh7 17. Rf2 Nb6 18. Rg2 Nc4 19. Bc1 g5 20. h4 Ne8 21. hxg5 hxg5 22. Qf1 Bf6 23. Rh2 Kg7 24. Qh3 Rh8 25. Qh6+ Kg8 26. Rh3 Bg7 27. Qxg5 Qd6 28. f5 Qf6 29. Qxf6 Bxf6 30. Rh6 a5 31. Nd7 Kg7 32. Nxf6 Kxh6 33. Nxh7 Rxh7 34. Bxc4 bxc4 0-1

[Event "Mecklenburg VP-ch Seniors op 09th"]
[Site "Binz"]
[Date "2009.12.09"]
[Round "9.66"]
[White "Wiebke, Elfriede"]
[Black "Wenzel, Klaus"]
[Result "0-1"]
[WhiteElo "1040"]
[BlackElo "1246"]
[PlyCount "102"]
[EventDate "2009.12.01"]
[EventType "swiss"]
[EventRounds "9"]
[EventCountry "GER"]
[SourceTitle "EXT 2022"]
[Source "ChessBase"]
[SourceDate "2021.10.06"]
[SourceVersion "1"]
[SourceVersionDate "2021.10.06"]
[SourceQuality "1"]

1. e4 g6 2. d4 Bg7 3. Nf3 d5 4. e5 c6 5. Be2 e6 6. 0-0 Ne7 7. Bg5 0-0 8. c4 Qc7 9. Nbd2 Nf5 10. Bd3 Ne7 11. Bxe7 Qxe7 12. cxd5 cxd5 13. h3 a6 14. Nb3 Nd7 15. Re1 Qb4 16. a3 Qb6 17. Rb1 Qd8 18. h4 Ra7 19. Qc2 b6 20. Re3 a5 21. h5 Rc7 22. Qd1 f6 23. hxg6 h6 24. a4 fxe5 25. dxe5 Rf4 26. Nbd4 Nc5 27. Nb5 Nxd3 28. Rxd3 Ba6 29. b3 Bxb5 30. axb5 Rb4 31. Nd4 Bxe5 32. Nxe6 Qh4 33. Rh3 Qe4 34. Rxh6 Bd4 35. Nxc7 Bxf2+ 36. Kxf2 Qf4+ 37. Kg1 Qe3+ 38. Kh1 Qxh6+ 39. Kg1 Qe3+ 40. Kf1 Rf4+ 41. Qf3 Rxf3+ 42. gxf3 Qxf3+ 43. Kg1 Qg3+ 44. Kf1 Qxc7 45. Rd1 Qf4+ 46. Ke2 Kg7 47. Rxd5 Qe4+ 48. Kd2 Qxd5+ 49. Kc2 Qxb5 50. Kc3 Qb4+ 51. Kb2 a4 0-1

[Event "Mecklenburg VP-ch Seniors op 09th"]
[Site "Binz"]
[Date "2009.12.06"]
[Round "6.60"]
[White "Wenzel, Klaus"]
[Black "Kohn, Friedrich"]
[Result "1-0"]
[WhiteElo "1246"]
[BlackElo "1429"]
[PlyCount "81"]
[EventDate "2009.12.01"]
[EventType "swiss"]
[EventRounds "9"]
[EventCountry "GER"]
[SourceTitle "EXT 2022"]
[Source "ChessBase"]
[SourceDate "2021.10.06"]
[SourceVersion "1"]
[SourceVersionDate "2021.10.06"]
[SourceQuality "1"]

1. b4 c6 2. Bb2 a5 3. a3 axb4 4. axb4 Rxa1 5. Bxa1 Qb6 6. c3 Nf6 7. e3 g6 8. Nf3 Bg7 9. Qb3 0-0 10. Be2 d6 11. 0-0 e5 12. d4 Be6 13. c4 exd4 14. Nxd4 c5 15. Nxe6 fxe6 16. b5 Nbd7 17. Nc3 Ne8 18. Bb2 Nc7 19. Na4 Qa5 20. Bxg7 Kxg7 21. Qc3+ Qxc3 22. Nxc3 Ra8 23. Ne4 d5 24. Nd6 b6 25. f4 Nf6 26. g4 Nce8 27. Nxe8+ Nxe8 28. cxd5 exd5 29. Bf3 Nc7 30. Rd1 Rd8 31. e4 d4 32. Be2 Ne6 33. f5 Nf4 34. Bc4 g5 35. e5 Nd5 36. f6+ Kf7 37. Ra1 Ke6 38. Re1 Kf7 39. Bxd5+ Rxd5 40. e6+ Ke8 41. e7 1-0

[Event "Mecklenburg VP-ch Seniors op 09th"]
[Site "Binz"]
[Date "2009.12.04"]
[Round "4.63"]
[White "Wernitz, Armin"]
[Black "Wenzel, Klaus"]
[Result "0-1"]
[WhiteElo "1392"]
[BlackElo "1246"]
[PlyCount "92"]
[EventDate "2009.12.01"]
[EventType "swiss"]
[EventRounds "9"]
[EventCountry "GER"]
[SourceTitle "EXT 2022"]
[Source "ChessBase"]
[SourceDate "2021.10.06"]
[SourceVersion "1"]
[SourceVersionDate "2021.10.06"]
[SourceQuality "1"]

1. d4 Nf6 2. c4 g6 3. Nc3 Bg7 4. e4 c6 5. e5 Ng8 6. f4 d5 7. c5 e6 8. Nf3 Ne7 9. g4 0-0 10. Bd3 b6 11. b4 a5 12. Ba3 b5 13. h4 Na6 14. Rb1 axb4 15. Bxb4 Nxb4 16. Rxb4 Qa5 17. Qb3 Ba6 18. h5 f5 19. hxg6 Nxg6 20. gxf5 Nxf4 21. Bb1 exf5 22. Ng5 h6 23. Nf3 Bc8 24. Kf2 Qd8 25. Ne2 Ne6 26. Qd1 Ng5 27. Qg1 Ne4+ 28. Ke1 Qa5 29. a3 Qxa3 30. Rxb5 cxb5 31. Bxe4 Qa1+ 32. Kf2 Qxg1+ 33. Rxg1 fxe4 34. Rg3 Rxf3+ 35. Rxf3 exf3 36. Kxf3 Bd7 37. Ke3 Ra3+ 38. Kd2 b4 39. Nc1 h5 40. Kc2 h4 41. Ne2 Ra2+ 42. Kd1 h3 43. Ng3 h2 44. Kc1 b3 45. Kb1 Bf5+ 46. Nxf5 h1Q# 0-1

[Event "Hessen-ch Seniors op 04th"]
[Site "Bad Sooden-Allendorf"]
[Date "2008.04.25"]
[Round "2"]
[White "Wenzel, Klaus"]
[Black "Alefs, Heinz"]
[Result "0-1"]
[WhiteElo "1368"]
[BlackElo "1672"]
[PlyCount "62"]
[EventDate "2008.04.24"]
[EventType "swiss"]
[EventRounds "9"]
[EventCountry "GER"]
[SourceTitle "EXT 2022"]
[Source "ChessBase"]
[SourceDate "2021.10.06"]
[SourceVersion "1"]
[SourceVersionDate "2021.10.06"]
[SourceQuality "1"]

1. b4 e5 2. Bb2 d6 3. c4 Be6 4. e3 Nf6 5. Be2 Nbd7 6. Nf3 h6 7. 0-0 Be7 8. Nc3 0-0 9. d4 e4 10. Nd2 d5 11. cxd5 Nxd5 12. Nxd5 Bxd5 13. a3 f5 14. Qc2 c6 15. Nc4 b5 16. Na5 Qb6 17. Nb3 Qd8 18. Nc5 Nb6 19. Rac1 Nc4 20. Qc3 Bg5 21. g3 Rf7 22. Rc2 a5 23. f4 exf3 24. Bxf3 Nxe3 25. Bxd5 Qxd5 26. Rcf2 Nxf1 27. Rxf1 axb4 28. axb4 Re7 29. Qb3 Be3+ 30. Rf2 Bxf2+ 31. Kxf2 Rae8 0-1